Cirque & cinéma / (Record no. 116121)

MARC details
000 -CABECERA
campo de control de longitud fija 00867nab a22002537a 4500
001 - NÚMERO DE CONTROL
campo de control vtls002750149
003 - IDENTIFICADOR DEL NÚMERO DE CONTROL
campo de control ES-BaIT
005 - FECHA Y HORA DE LA ÚLTIMA TRANSACCIÓN
campo de control 20260420173140.0
007 - CAMPO FIJO DE DESCRIPCIÓN FÍSICA--INFORMACIÓN GENERAL
campo de control de longitud fija t|
008 - DATOS DE LONGITUD FIJA--INFORMACIÓN GENERAL
campo de control de longitud fija 111114s2005 fr o || |00| |fre||
010 ## - NÚMERO DE CONTROL DE LA BIBLIOTECA DEL CONGRESO
Número de control de LC 2750149
035 ## - NÚMERO DE CONTROL DEL SISTEMA
Número de control de sistema 2750-14960
039 #9 - NIVEL DE CONTROL BIBLIOGRÁFICO Y DETALLES DE CODIFICACIÓN [OBSOLETO]
Nivel de reglas en descripción bibliográfica 201403080736
Nivel de esfuerzo utilizado para asignar no-encabezamientos de materia en puntos de acceso VLOAD
Nivel de esfuerzo utilizado en la asignación de encabezamientos de materia 201303100050
Nivel de esfuerzo utilizado para asignar clasificación VLOAD
Nivel de esfuerzo utilizado en la asignación de encabezamientos de materia 201111141628
Nivel de esfuerzo utilizado para asignar clasificación VLOAD
080 ## - NÚMERO DE LA CLASIFICACIÓN DECIMAL UNIVERSAL
Número de la Clasificación Decimal Universal 791.8:791.43
245 00 - MENCIÓN DE TÍTULO
Título Cirque & cinéma /
Mención de responsabilidad, etc. dossier coordonné par Sébastien Bénédict
505 8# - NOTA DE CONTENIDO CON FORMATO
Nota de contenido con formato Inclou: diferents articles que parlen sobre el tema que dóna títol al dossier
650 00 - PUNTO DE ACCESO ADICIONAL DE MATERIA--TÉRMINO DE MATERIA
Término de materia o nombre geográfico como elemento de entrada Circ en la cinematografia
9 (RLIN) 108359
700 1# - ENTRADA AGREGADA--NOMBRE PERSONAL
Nombre de persona Bénédict, Sébastien
9 (RLIN) 119614
773 0# - ENLACE AL DOCUMENTO FUENTE/ENTRADA DE REGISTRO ANFITRIÓN
Subcampo de control nnas
Número de control del registro vtls002202505
Título Arts de la piste
Lugar, editor y fecha de publicación Paris : Hors de la piste, 1996-
Número Internacional Normalizado para Publicaciones Seriadas 1269-0120
Parte(s) relacionada(s) no 35, juin, 2005, p. 15-39
Enlace entre campo y número de secuencia 35
Número bibliográfico anfitrión 112323
790 ## - Identificador-font
w 220250560
790 ## - Identificador-font
a 220250560
940 ## - EQUIVALENCIA O REFERENCIA-CRUZADA--TÍTULO UNIFORME [OBSOLETO] [solamente CAN/MARC]
Título uniforme <a href="IT">IT</a>
942 ## - ELEMENTOS DE ENTRADA AGREGADA (KOHA)
Tipo de ítem Koha Article
Fuente del sistema de clasificación o colocación Clasificación decimal universal

No items available.

Powered by Koha